IFM Opac

Essentials of Corporate Finance (Record no. 22141)

MARC details
000 -LEADER
fixed length control field 00398nam a22001577a 4500
020 ## - INTERNATIONAL STANDARD BOOK NUMBER
ISBN 978-1-265-10351-4
082 ## - DEWEY DECIMAL CLASSIFICATION NUMBER
Classification number 658.15
100 ## - MAIN ENTRY--AUTHOR NAME
Personal name Ross, Steohen A.
245 ## - TITLE STATEMENT
Title Essentials of Corporate Finance
250 ## - EDITION STATEMENT
Edition statement 11th
260 ## - PUBLICATION, DISTRIBUTION, ETC. (IMPRINT)
Place of publication New York:
Name of publisher McGraw Hill,
Year of publication 2023
300 ## - PHYSICAL DESCRIPTION
Number of Pages xxxii, 655p.: ill.; 26cm
700 ## - ADDED ENTRY--PERSONAL NAME
Personal name Westerfield, Randolph W.
700 ## - ADDED ENTRY--PERSONAL NAME
Personal name Jordan, Bradford D.
942 ## - ADDED ENTRY ELEMENTS (KOHA)
Koha item type Books
Holdings
Withdrawn status Lost status Damaged status Not for loan Collection code Permanent Location Current Location Shelving location Date acquired Source of acquisition Full call number Accession Number Price effective from Koha item type
        Non-fiction IFM Main Campus Library IFM Main Campus Library Work Room processing 01/13/2026 Purchased 658.15 ROS 0000030469 01/13/2026 Books
        Non-fiction IFM Main Campus Library IFM Main Campus Library Work Room processing 01/13/2026 Purchased 658.15 ROS 0000030468 01/13/2026 Books
        Non-fiction IFM Main Campus Library IFM Main Campus Library Work Room processing 01/13/2026 Purchased 658.15 ROS 0000030470 01/13/2026 Books